|
|
|
|
| LEADER |
00719nam a2200205Ia 4500 |
| 001 |
CTU_192434 |
| 008 |
210402s9999 xx 000 0 und d |
| 082 |
|
|
|a 630
|
| 082 |
|
|
|b U600
|
| 110 |
|
|
|a Ủy Ban Nhân dân tỉnh An Giang
|
| 245 |
|
0 |
|a Kỷ yếu hội thảo khoa học phát triển nông nghiệp ứng dụng công nghệ cao ở An Giang :
|
| 245 |
|
0 |
|b Làm gì và làm như thế nào?
|
| 245 |
|
0 |
|c Ủy Ban Nhân dân tỉnh An Giang
|
| 260 |
|
|
|a An Giang
|
| 260 |
|
|
|b Ủy Ban Nhân dân tỉnh An Giang
|
| 260 |
|
|
|c 2013
|
| 650 |
|
|
|a Developing countries
|
| 650 |
|
|
|z Vietnam
|
| 904 |
|
|
|i Trúc
|
| 980 |
|
|
|a Trung tâm Học liệu Trường Đại học Cần Thơ
|